| 000 | 00913nam a2200229Ii 4500 | ||
|---|---|---|---|
| 003 | JO-AjNU | ||
| 008 | 230605s9999||||xx |||||||||||||| ||und|| | ||
| 017 | _a2011/10/3874 | ||
| 020 | _a978-9957-11-982-9 | ||
| 040 |
_aJO-AjNU _bara _erda _cJO-AjNU |
||
| 041 | _aara | ||
| 050 | 1 | 4 | _aDS123.Y3776 2012 |
| 100 | 3 |
_aياسين، رياض حمودة، م.مشارك امجد ممدوح الفاعوري, _eauthor _960974 |
|
| 245 | 0 | 0 | _aتاريخ القدس السياسي والحضاري |
| 250 | _aط1 | ||
| 264 | 3 | 1 | _aعمان: دار وائل للنشر والتوزيع، 2012 |
| 300 |
_a242ص _bيحتوي على ملاحق من ص141-223 ويحتوي على مصادر ومراجع من ص227-232 ويحتوي على صور توضيحيه |
||
| 336 |
_atext _btxt _2rdacontent |
||
| 337 |
_aunmediated _bn _2rdamedia |
||
| 338 |
_avolume _bnc _2rdacarrier |
||
| 650 | 4 |
_aالقدس- فلسطين _960975 |
|
| 999 |
_aA27533 _c31101 _d31101 |
||